| 000 | 00724nam a2200277 i 4500 | ||
|---|---|---|---|
| 001 | bgj | ||
| 100 | 1 |
_aSTEWART, Mary _d(1916- ). |
|
| 245 | 1 | 0 |
_aThe Last Enchantment / _cMary Stewart. |
| 260 |
_aNew York : _bWilliam Morrow and Company, Inc., _cc. 1979. |
||
| 300 |
_a439 pp : _bmap ; _c22 cm. |
||
| 650 | 9 | _aArthurian romances | |
| 650 | 9 | _aKings and rulers | |
| 650 | 9 | _aBritons | |
| 650 | 9 | _aWizards | |
| 650 | 9 | _aHistorical fiction | |
| 650 | 9 | _aFantasy fiction | |
| 651 | 9 | _aArthur, King | |
| 651 | 9 | _aMerlin (|Legendary character) | |
| 655 | _aFiction | ||
| 655 | _aFiction | ||
| 655 | _aAdaptations | ||
| 040 | _cBPK | ||
| 041 | 0 | _aeng | |
| 942 | _cKS | ||
| 008 | s uk f |000 0 eng | ||
| 999 |
_c47504 _d47504 |
||
| 856 |
_uhttp://koha.tu.koszalin.pl/cgi-bin/koha/opac-detail.pl?biblionumber=47504 _yKatalog online BPK |
||